000 00412nam a2200181Ia 4500
005 20240823031958.0
008 240823s9999||||xx |||||||||||||| ||und||
041 _aENGLISH
082 _A823 Q1
100 _aNarayan R K
245 4 _aThe Man Eater of Malgudi
250 _a1st
260 _c2011
_bIndian Thought Publica
500 _aYES
650 _amalgudi
_bEnglish
942 _cBK
999 _c192351
_d192351